Az MTA Pedagógiai Bizottságának 1982. november 26-i ülése

Elmentve itt :
Bibliográfiai részletek
Dokumentumtípus: Cikk
Megjelent: 1983
Sorozat:Magyar pedagógia : a Magyar Tudományos Akadémia Pedagógiai Bizottságának folyóirata 83 No. 3
Kulcsszavak:Pedagógiai Bizottság beszámoló 1982
Online Access:http://misc.bibl.u-szeged.hu/13272
LEADER 00643nab a2200169 i 4500
001 misc13272
005 20191106141444.0
008 170607s1983 hu o 0|| hun d
022 |a 0025-0260 
040 |a SZTE Miscellanea Repozitórium  |b hun 
041 |a hun 
245 0 3 |a Az MTA Pedagógiai Bizottságának 1982. november 26-i ülése  |h [elektronikus dokumentum] 
260 |c 1983 
300 |a 339 
490 0 |a Magyar pedagógia : a Magyar Tudományos Akadémia Pedagógiai Bizottságának folyóirata  |v 83 No. 3 
695 |a Pedagógiai Bizottság beszámoló 1982 
856 4 0 |u http://misc.bibl.u-szeged.hu/13272/1/mp_1983_003_339.pdf  |z Dokumentum-elérés